Normal view
MARC view
Entry Topical Term
001 - CONTROL NUMBER
- control field: 19928
003 - CONTROL NUMBER IDENTIFIER
- control field: ARRUPE
005 - DATE AND TIME OF LATEST TRANSACTION
- control field: 20150915124652.0
008 - FIXED-LENGTH DATA ELEMENTS
- fixed length control field: 150915|| aca||aabn | a|a d
040 ## - CATALOGING SOURCE
- Original cataloging agency: ARRUPE
- Transcribing agency: ARRUPE
150 ## - HEADING--TOPICAL TERM
- Topical term or geographic name as entry element: Church and media
670 ## - SOURCE DATA FOUND
- Source citation: Work cat.: (ARRUPE)123354: IMBISA 19927, Word and image , 2014